|
|
|
|
| LEADER |
01556nam a2200301 a 4500 |
| 001 |
GR-MES2388 |
| 008 |
991111s1996 gr 000 0 gre d |
| 020 |
|
|
|a 9603311405
|
| 040 |
|
|
|a GrPaTEI
|b gre
|c GR-PaULI
|
| 245 |
0 |
0 |
|a Εργαλειομηχανές ΙΙ =
|b Fachkunde metall.
|
| 260 |
|
|
|a Αθήνα :
|b Ευρωπαικές τεχνολογικές εκδόσεις,
|c 1996
|
| 300 |
|
|
|a 134σελ. :
|b πιν.,εικ.
|
| 490 |
1 |
|
|a βιβλιοθήκη του μηχανολόγου
|
| 650 |
|
4 |
|a ΕΡΓΑΛΕΙΟΜΗΧΑΝΕΣ
|
| 650 |
|
4 |
|a Η/Υ
|
| 650 |
|
4 |
|a Ρομποτική
|
| 700 |
1 |
|
|a Herwig, B.
|
| 700 |
1 |
|
|a Karl, S.
|
| 700 |
1 |
|
|a Ulrich, F.
|
| 700 |
1 |
|
|a Werner, D.
|
| 700 |
1 |
|
|a Βούλγαρης, Μελέτιος Δ.
|
| 830 |
|
0 |
|1 0015583
|1 2001
|a Η απεργία των δικηγόρων (Φιλίππου Κ. Σπυρόπουλου)
|
| 942 |
|
|
|2 ddc
|
| 952 |
|
|
|0 0
|1 0
|2 ddc
|4 0
|6 005_000000000000000_ΤΡΑ
|7 0
|9 266759
|a MSLG
|b MSLG
|c BSC
|d 2021-01-17
|e 24
|f 0
|g 0.00
|l 0
|o 005 ΤΡΑ
|p 2420000007267
|r 2021-01-17 00:00:00
|t 1
|w 2021-01-17
|y BK15
|x 19991111 0 1
|x GrPaTEI
|
| 952 |
|
|
|0 0
|1 0
|2 ddc
|4 0
|6 005_000000000000000_ΤΡΑ
|7 0
|9 266760
|a MSLG
|b MSLG
|c BSC
|d 2021-01-17
|e 24
|f 0
|g 0.00
|l 0
|o 005 ΤΡΑ
|p 2420000009061
|r 2021-01-17 00:00:00
|t 1
|w 2021-01-17
|y BK15
|x 19991111 0 1
|x GrPaTEI
|
| 952 |
|
|
|0 0
|1 0
|2 ddc
|4 0
|6 005_000000000000000_ΤΡΑ
|7 0
|9 266761
|a MSLG
|b MSLG
|c BSC
|d 2021-01-17
|e 24
|f 0
|g 0.00
|l 0
|o 005 ΤΡΑ
|p 2420000014866
|r 2021-01-17 00:00:00
|t 1
|w 2021-01-17
|y BK15
|x 20000731 0 1
|x GrPaTEI
|
| 971 |
|
|
|a .b25734337
|b 16-04-20
|c 13-09-16
|
| 999 |
|
|
|c 153501
|d 153501
|